Κατάλογος Βιβλιοθηκών Mediterranean College

Πολιτική και Στρατηγική των Φαρμακευτικών Επιχειρήσεων (Πολυεθνικές και Ελληνικες) εν Μέσω Οικονομικής Ύφεσης στην Ελλάδα (Record no. 8682)

MARC details
000 -LEADER
fixed length control field 02078cam a22001814a 4500
005 - ΗΜΕΡΟΜΗΝΙΑ ΚΑΙ ΩΡΑ ΤΕΛΕΥΤΑΙΑΣ ΕΝΗΜΕΡΩΣΗΣ
Πεδίο ελέγχου 20250605164343.0
008 - FIXED-LENGTH DATA ELEMENTS--GENERAL INFORMATION
Πεδίο ελέγχου σταθερού μήκους 250528s ||||||||||||||||||||||||d
035 ## - SYSTEM CONTROL NUMBER
System control number 23733
040 ## - ΠΗΓΗ ΚΑΤΑΛΟΓΟΓΡΑΦΗΣΗΣ
Φορέας πρωτότυπης καταλογογράφησης MC Athens Campus Library
Γλώσσα καταλογογράφησης Ελληνικά, Μοντέρνα (1453-)
Modifying agency MC Athens Campus Library
Κανόνες περιγραφικής καταλογογράφησης AACR2
245 1# - ΤΙΤΛΟΣ ΚΑΙ ΔΗΛΩΣΗ ΥΠΕΥΘΥΝΟΤΗΤΑΣ
Τίτλος Πολιτική και Στρατηγική των Φαρμακευτικών Επιχειρήσεων (Πολυεθνικές και Ελληνικες) εν Μέσω Οικονομικής Ύφεσης στην Ελλάδα
260 ## - PUBLICATION, DISTRIBUTION, ETC.
Date of publication, distribution, etc. 2012
300 ## - PHYSICAL DESCRIPTION
Extent 42
520 ## - SUMMARY, ETC.
Summary, etc. Περίληψη, Ευχαριστίες, Εισαγωγή, Αγορά Φαρμάκου, Φαρμακευτικές Εταιρίες, Θεσμικό Καθεστώς, Το Σύστημα Αποζημίωσης στην Ελλάδα, Το Σύστημα Αποζημίωσης στην Ελλάδα, Το Σύστημα Τιμολόγησης και η Έκδοση Δελτίων Τιμών, Τα Χρέη των Νοσοκομείων, Εθνικός Οργανισμός Φαρμάκων, Πολιτική του Φαρμάκου στην Ελλάδα, Πωλήσεις Φαρμακευτικών Εταιρειών πριν την Οικονομική Κρίση, Ιδιαιτερότητες της Αγοράς Φαρμάκου, Ιατρική Ενημέρωση και Διαφήμιση Φαρμάκων, Συνταγογράφηση Φαρμάκων, Πρωτότυπα και Γενόσημα Φάρμακα, Οι Επιπτώσεις της Κρίσης, Οι Επιπτώσεις επί των Πωλήσεων, Οι Επιπτώσεις στο Θεσμικό Καθεστώς, Οι Επιπτώσεις στην Κοινωνία, Στρατηγικές Αντιμετώπισης της Κρίσης, Περιορισμοί Κόστους, Ανάπτυξη των Πωλήσεων, Μετακίνηση σε Άλλες Αγορές, Συμπεράσματα - Προοπτικές, Παραπομπές - Βιβλιογραφία.
700 1# - ΠΡΟΣΘΕΤΗ ΑΝΑΓΡΑΦΗ--ΦΥΣΙΚΟ ΠΡΟΣΩΠΟ
Personal name Γαϊτάνος Ιουλιανός Κλ
9 (RLIN) 9279
942 ## - ADDED ENTRY ELEMENTS (KOHA)
Koha item type Διπλωματική εργασία
Holdings
Τύπος τεκμηρίου Βιβλιοθήκη Τρέχουσα τοποθεσία Barcode Ημερομηνία απόκτησης Ταξιθετικό σύμβολο Αριθμός αντιτύπου Κατάσταση απόσυρσης Κατάσταση χαμένου Κατάσταση κατεστραμμένου Μη δανεισμός Σύνολο δανεισμών Ημερομηνία τελευταίας εμφάνισης Η τιμή ισχύει από
Διπλωματική εργασία MC Athens Campus Library MC Athens Campus Library 9780000086815 05/06/2025 BUS 2012 (13) 1           05/06/2025 05/06/2025

MC Athens Campus Library
Πατησίων 94 & Κοδριγκτώνος 13, 104 34
Πελλήνης 8 & Πατησίων 107, 112 51
Τ: +30 210 8899600

MC Thessaloniki Campus Library
Ίωνος Δραγούμη 21, 54625 | Ίωνος Δραγούμη 15, 54625
Τ: +30 2310 287779 – Τ: +30 2314 440300